000 00611nam a2200217Ia 4500
003 OSt
005 20220926045517.0
006 a|||||r|||| 00| 0
007 ta
008 220923b |||||||| |||| 00| 0 eng d
037 _cGeneral Book
040 _aRTL
_cRTL
_beng
041 _2eng
_aeng
082 _aY:5:5(Y).49G.N8, M9
100 _aVERMA V.S and others
_9350295
245 0 _aSouth Asia Conference on Population Trends and Family Planning
260 _c1989
300 _a354p
_ccm.
942 _hY:5:5(Y).49G.N8, M9
_cGB
_2CC
999 _c677768
_d677768